Kongzi xue shuo xin tan,

Disimpan dalam:
Butiran Bibliografi
Pengarang Utama: Luo, Jingzhi.
Format: Buku
Bahasa:Chinese
Diterbitkan: [Taibei] Wen jin chu ban she [Min guo 64 i.e. 1975]
Subjek-subjek:
Penanda-penanda: Tambah Penanda
Tiada Penanda, Jadilah orang pertama menanda rekod ini!
LEADER 00780cam a2200241 4500
001 007724222-X
005 20024617105005.0
008 900117s1975 ch b 000 0 chi
010 |a 75838721 
035 0 |a ocm23308380 
040 |a DLC  |c MiU  |d MoSW  |d OCoLC  |d *YNH*  |d CStRLIN 
050 0 |a B128.C8  |b L85 
100 1 |6 880-01  |a Luo, Jingzhi. 
245 1 0 |6 880-02  |a Kongzi xue shuo xin tan,  |c Luo Jingzhi zhu. 
260 |6 880-03  |a [Taibei]  |b Wen jin chu ban she  |c [Min guo 64 i.e. 1975] 
300 |a 5, 3, 237 p.  |c 22 cm. 
504 |a Bibliography: p. 233-237. 
650 0 |a Philosophy, Confucian. 
880 1 |6 100-01  |a 羅敬之. 
880 1 0 |6 245-02  |a 孔子學說新探,  |c 羅敬之著. 
880 |6 260-03  |a [臺北]  |b 文津出版社  |c [民國64 i.e. 1975] 
988 |a 20021102 
906 |0 DLC